00798 a2200217 450000500170000000800410001702000180005804000500007604100080012610000260013424501350016026000380029530000180033349000210035150400530037265000270042565000200045265000320047270000520050476500240055620211029093344.0131216s2008 sp ||||frn 001 0dspa d a9788474908329 aCo-BoUCMbspacRoberto BurgosdAlexis Barreto00aspa1 aBrague, Rémid1947-13aLa sabiduría del mundo. Historia de la experiencia humana del mundocRémi Brague; traducción de José Antonio Millán Alba aMadrid, EspañabEncuentroc2008 a422 páginas aFilosofíav354 aIncluye referencias bibliográficas e índices07aCosmologíaxHistoria07aExistencialismo07aAntropología Filosófica aMillán Alba, José Antoniod1954-etraductor tLa segesse du monde